Canadian Provinces and Territories by Flag - Statistics

General Stats
  • This quiz has been taken 22 times
  • The average score is 10 of 13
Answer Stats
Picture Answer % Correct
Quebec
100%
Nunavut
94%
New Brunswick
89%
Nova Scotia
89%
Alberta
83%
Ontario
83%
British Columbia
78%
Northwest Territories
72%
Saskatchewan
72%
Manitoba
67%
Newfoundland and Labrador
67%
Prince Edward Island
67%
Yukon
67%
No matching quizzes found
Score Distribution
Percent of People with Each Score
Percentile by Number Answered
Your Score History
You have not taken this quiz